Národohospodársky význam automobilového priemyslu v Slovenskej republike

Informácia o zámeroch a cieľoch medzinárodnej vedeckej konferencie, ktorá sa konala 27. novembra 2013 v Bratislave.

Salvato in:
Dettagli Bibliografici
Autore principale: Lábaj, Martin, 1982-
Altri autori: Kočišová, Martina
Natura: Capitolo di libro
Lingua:slovacco
Soggetti:
Tags: Aggiungi Tag
Nessun Tag, puoi essere il primo ad aggiungerne!!

MARC

LEADER 00000naa a2200000 4500
001 0180527
005 20240502073058.6
041 0 |a slo 
044 |a SK 
245 1 0 |a Národohospodársky význam automobilového priemyslu v Slovenskej republike  |c Martin Lábaj, Martina Kočišová 
520 |a Informácia o zámeroch a cieľoch medzinárodnej vedeckej konferencie, ktorá sa konala 27. novembra 2013 v Bratislave. 
610 2 0 |a konferencie 
610 2 0 |a konkurencieschopnosť 
610 2 0 |a politika priemyselná 
610 2 0 |a priemysel automobilový 
100 1 |a Lábaj, Martin, 1982- 
700 1 |a Kočišová, Martina